شعو ر لا شعو ر (غز ليا ت و د يگر منظو ما ت) (Record no. 176267)

MARC details
000 -LEADER
fixed length control field 00711nam a22001937a 4500
005 - DATE AND TIME OF LATEST TRANSACTION
control field 20201208142853.0
010 ## - LCCN (DPL NO)
LC control number UR-10955
020 ## - INTERNATIONAL STANDARD BOOK NUMBER
Terms of availability 400.00
International Standard Book Number 9789389733648
035 ## - SYSTEM CONTROL NUMBER
System control number U-9510
037 ## - SOURCE OF ACQUISITION
Source of stock number/acquisition DBAD/PUB
082 ## - DEWEY DECIMAL CLASSIFICATION NUMBER
Classification number 841
100 ## - MAIN ENTRY--PERSONAL NAME
Personal name ا يم کما ل ا لد ين
245 ## - TITLE STATEMENT
Title شعو ر لا شعو ر (غز ليا ت و د يگر منظو ما ت)
Statement of responsibility, etc ا يم کما ل ا لد ين
246 ## - VARYING FORM OF TITLE
Remainder of title Sha'oor-e-Lasha'oor (Urdu)
Title proper/short title by M.Kamaluddin
260 ## - PUBLICATION, DISTRIBUTION, ETC. (IMPRINT)
Place of publication, distribution, etc N.Delhi
Name of publisher, distributor, etc Educational Publishing House
Date of publication, distribution, etc 2020 ء
270 ## - ADDRESS
Address H.O.D1/16,Ansari Road,Darya ganj,
City N.Delhi
Postal code 110002
Telephone number 45678285,23216162
Fax number 0091-11-23211540
300 ## - PHYSICAL DESCRIPTION
Extent 224 ص
Dimensions 22 Cm(Hb)
942 ## - ADDED ENTRY ELEMENTS (KOHA)
Source of classification or shelving scheme Dewey Decimal Classification
Item type Urdu Bks
Classification part 841
Call number suffix ا ی م
Holdings
Withdrawn status Lost status Not for loan Collection code Home library Current library Date acquired Source of acquisition Cost, normal purchase price Full call number Barcode Copy number Cost, replacement price Koha item type
      Non-fiction D.B.Act.Division D.B.Act.Division 08/12/2020 DBAD/PUB 400.00 841 ا ی م U-9510 1 400.00 Urdu Bks

© Delhi Public Library
Hit Counter
free hit counter